Fúzie a akvizície Číny realizované na európskom kontinente (na príklade vybraného odvetvia) bakalárska práca

Guardado en:
Detalles Bibliográficos
Autor principal: Tóthová, Katarína
Autor Corporativo: Obchodná fakulta EU. Katedra medzinárodného obchodu
Otros Autores: Královičová, Michaela
Formato: Libro
Lenguaje:eslovaco
Publicado: Bratislava 2017
Etiquetas: Agregar Etiqueta
Sin Etiquetas, Sea el primero en etiquetar este registro!

MARC

LEADER 00000nbm a2200000 4500
001 0232755
005 20180405145711.0
041 0 |a slo 
044 |a SK 
245 1 0 |a Fúzie a akvizície Číny realizované na európskom kontinente (na príklade vybraného odvetvia)  |b bakalárska práca  |c Katarína Tóthová ; školiteľ: Michaela Královičová 
264 1 |a Bratislava  |c 2017 
300 |a 63 s. 
100 1 |a Tóthová, Katarína 
700 1 |a Královičová, Michaela 
710 2 |a Obchodná fakulta EU. Katedra medzinárodného obchodu